| 000 | 01418nam a22003497a 4500 | ||
|---|---|---|---|
| 003 | AR-RoUNA | ||
| 005 | 20260408062851.0 | ||
| 008 | 250930b |||||||| |||| 00| 0 spa d | ||
| 040 |
_aAR-RoUNA _bspa _dAR-RoUNA |
||
| 041 | _aspa | ||
| 044 | _aag | ||
| 110 | 2 |
_aArgentina. Santa Fe. Municipalidad de Rosario. _bSecretaria General. Programa de Descentralización y Modernización. _927465 |
|
| 245 | 1 | _aUna estrategia de actualización vinculada a la definición de los Centros Municipales de Distrito. | |
| 246 | _aRosario: Descentralización para crecer | ||
| 260 |
_aRosario (Santa Fe, Argentina): _bMR (Municipalidad ade Rosario), _cEnero 1997. |
||
| 300 |
_a10 p.; _c30x21 cm. |
||
| 490 |
_aPublicación sintetica de divulgación general _nDocumento 5 |
||
| 505 | 0 | _tIndice | |
| 505 | 0 | _t1. Descripción general del proyecto. | |
| 505 | 0 | _t 2. Enunciado de los objetivos y políticas de actuación. | |
| 505 | 0 | _t 3. descripción de las áreas de intervención. | |
| 505 | 0 | _t4. Criterios para la localización de los Centros Municipales de Distrito. | |
| 505 | 0 | _t 5. Implementación del Proyecto. | |
| 650 | 4 | _aDescentralización | |
| 651 | 0 |
_aRosario (Santa Fe, Argentina) _91246 |
|
| 653 | _aDistritos municipales | ||
| 653 | _aCentros municipales de distrito | ||
| 908 | _aImp | ||
| 942 |
_2udc _cLIB |
||
| 945 | _d2025-09-30 | ||
| 980 |
_65 _aMaría Machado _8 _gCRON CRON |
||
| 999 |
_c12143 _d12143 |
||